000 00877cam a22002651 4500
999 _c27341
_d27341
001 7432837
003 OSt
005 20170208101315.0
008 750723r19521951nyua 000 0 eng
010 _a 51012759
035 _a(OCoLC)1470270
040 _aDLC
_cFJ
_dOCoLC
_dDLC
042 _apremarc
050 0 0 _aND1262
_b.D8 1952
082 _a751.4
100 1 _aDunlop, Ronald Ossory,
_d1894-
245 1 0 _aHow to paint for pleasure,
_ba handbook for beginners.
260 _aNew York,
_bPellegrini & Cudahy
_c[1952]
300 _a143 p.
_billus.
_c22 cm.
500 _aPublished in London in 1951 under title: Painting for pleasure.
650 0 _aPainting
_xTechnique.
906 _a7
_bcbc
_coclcrpl
_du
_encip
_f19
_gy-gencatlg
942 _2lcc
_cBOOKS
_hND 1262 .D8 1952